000
00277nam a2200109Ia 4500
008
200302s9999 xx 000 0 und d
100
_a
Jude Welton
245
_a
Tate Gellery Drawing A Young artist's Guide
260
_b
Dorling Kindersley Ltd.
260
_c
1994
300
_a
45 P.,
999
_c
972
_d
972